000 00648nam a2200205Ia 4500
008 140321s9999 xx 000 0 und d
020 _a9789715846158
050 _aQC 33
_b.M45 2010
100 _aMendoza, Phebe P.
245 _aLaboratory manual in introductory physics /
_cPhebe P. Mendoza, Alma B. Punzalan and Maria Cristina A. Sicat.
250 _aRev. ed.
260 _aQuezon City :
_bC & E Pub.,
_cc2010.
300 _a79 p. :
_bill. ;
_c26 cm.
500 _aIncludes bibliographical references.
521 _aGE
650 _aPhysics
_xExperiments.
650 _aPhysics
_xStudy and teaching.
942 _kLOC
_cBK
999 _c48313
_d48313